| 000 | 01115cam a2200217 4500 | ||
|---|---|---|---|
| 001 | ##L134216 | ||
| 008 | 060718n2006 000 0 eng u | ||
| 020 | _a071766189X | ||
| 035 | _a(Sirsi) u134216 | ||
| 041 | 0 | _aeng | |
| 050 | 0 | 4 | _a344.410465 $2 18 |
| 110 | 1 |
_aGreat Britain _bHealth and Safety Executive |
|
| 245 | 0 | 0 | _aFive steps to risk assessment |
| 260 | _c2006 | ||
| 520 | _aA simple, straightforward guide for employers, explaining how to assess risks in the workplace. The five key steps considered are the identification of hazards, deciding who might be harmed and how, evaluation of risks and deciding on appropriate precautions, recording and implementing findings, and reviewing and updating assessments. Also contains frequently asked questions and a guide to sources of further information. | ||
| 590 | _aIKA180706 NTK | ||
| 651 | 4 |
_aUnited Kingdom _y |
|
| 690 | _aMANAGEMENT-HEALTH AND SAFETY-HEALTH AND SAFETY RISK MANAGEMENT-HEALTH AND SAFETY RISK ASSESSMENT | ||
| 856 | 4 | 1 |
_uhttps://www.hse.gov.uk/risk/fivesteps.htm _zView the item free of charge at www.hse.gov.uk/... |
| 942 | _n0 | ||
| 999 |
_c105598 _d105598 |
||